[Event "Muensterland Verbandsklasse 1920"]
[Site "Germany"]
[Date "2020.01.18"]
[Round "5.8"]
[White "Leseberg, Detlef"]
[Black "Roevekamp, Wolfgang"]
[Result "0-1"]
[WhiteElo "1205"]
[BlackElo "1413"]
[PlyCount "34"]
[EventDate "2019.09.14"]
[EventType "team-tourn"]
[EventRounds "7"]
[EventCountry "GER"]
[SourceTitle "EXT 2023"]
[Source "ChessBase"]
[SourceDate "2022.10.05"]
[SourceVersion "1"]
[SourceVersionDate "2022.10.05"]
[SourceQuality "1"]
[WhiteTeam "Ochtrup"]
[BlackTeam "Gronau II"]
[WhiteTeamCountry "GER"]
[BlackTeamCountry "GER"]

1. c4 e5 2. Nc3 Nf6 3. g3 Bc5 4. Bg2 c6 5. e3 d5 6. d3 0-0 7. h3 dxc4 8. dxc4 Qxd1+ 9. Kxd1 Be6 10. b3 Rd8+ 11. Ke2 Na6 12. a3 Rd7 13. Nf3 Bd6 14. Nd2 Rad8 15. Rd1 Nc5 16. g4 Nxb3 17. Nxb3 Bxc4+ 0-1